الموقف السياسي : (Record no. 6509)
[ view plain ]
| 000 -LEADER | |
|---|---|
| fixed length control field | 00721nac a22002051u 4500 |
| 008 - FIXED-LENGTH DATA ELEMENTS--GENERAL INFORMATION | |
| fixed length control field | 080914t xxu||||| |||| 00| 0 eng d |
| 040 ## - CATALOGING SOURCE | |
| Original cataloging agency | dlc |
| 082 ## - DEWEY DECIMAL CLASSIFICATION NUMBER | |
| Classification number | 320.962 |
| Item number | SEA |
| 245 ## - TITLE STATEMENT | |
| Title | الموقف السياسي : |
| Statement of responsibility, etc | إبراهيم سعده . |
| 260 ## - PUBLICATION, DISTRIBUTION, ETC. (IMPRINT) | |
| Place of publication, distribution, etc | القاهرة : |
| Name of publisher, distributor, etc | الهيئة المصرية العامة للكتاب ,1998. |
| Date of publication, distribution, etc | 1998. |
| 300 ## - PHYSICAL DESCRIPTION | |
| Extent | 256 ص ; |
| Dimensions | 20 سم . |
| 500 ## - GENERAL NOTE | |
| General note | Arabic Books |
| 500 ## - GENERAL NOTE | |
| General note | الموزع : ألف باء |
| 500 ## - GENERAL NOTE | |
| General note | يحتوي علي فهارس |
| 511 ## - PARTICIPANT OR PERFORMER NOTE | |
| Participant or performer note | Catalogued by: Sara |
| 650 ## - SUBJECT ADDED ENTRY--TOPICAL TERM | |
| Topical term or geographic name as entry element | Masr Al Ahwal Al Seyaseya- Makalat Wa Mohadarat. |
| Source of heading or term | BUEsh |
| 650 ## - SUBJECT ADDED ENTRY--TOPICAL TERM | |
| Topical term or geographic name as entry element | Masr Tarekh- Al Asr Al Hadeth- Hosney Mubarak. |
| Source of heading or term | BUEsh |
| 651 ## - SUBJECT ADDED ENTRY--GEOGRAPHIC NAME | |
| Source of heading or term | BUEsh |
| 942 ## - ADDED ENTRY ELEMENTS (KOHA) | |
| Item type | Book - Borrowing |
| Call number prefix | 320.962SEA |
| Source of classification or shelving scheme | Dewey Decimal Classification |
| Withdrawn status | Item status | Damaged status | Not for loan | Home library | Current library | Shelving location | Date acquired | Source of acquisition | Total Checkouts | Full call number | Barcode | Checked out | Date last seen | Date last borrowed | Koha item type |
|---|---|---|---|---|---|---|---|---|---|---|---|---|---|---|---|
| Central Library | Central Library | First floor | 26/11/2007 | Purchase | 1 | 320.962SEA | 000007951 | 27/04/2009 | 06/04/2009 | 06/04/2009 | Book - Borrowing |